| 000 | 00745nam a2200253Ia 4500 | ||
|---|---|---|---|
| 003 | OSt | ||
| 005 | 20220926002623.0 | ||
| 006 | a|||||r|||| 00| 0 | ||
| 007 | ta | ||
| 008 | 220923b |||||||| |||| 00| 0 eng d | ||
| 037 | _cGeneral Book | ||
| 040 |
_aRTL _cRTL _beng |
||
| 041 |
_2eng _aeng |
||
| 082 | _aX:89F, L6;L9 | ||
| 100 | _aGhosh P. K. | ||
| 245 | 0 | _aFundamentals of management accounting | |
| 250 | _a2nd | ||
| 260 |
_a New Delhi _bNational Publishing House India _c1979 |
||
| 300 |
_a637p. Bibliography p.491-92; Appendix p.478-90 _ccm. |
||
| 650 | _aAccounting Management | ||
| 700 |
_a Gupta G. S. _9170268 |
||
| 942 |
_hX:89F, L6;L9 _cGB _2CC |
||
| 999 |
_c605606 _d605606 |
||